Normal view
MARC view
- Real Time UML
Entry Topical Term
001 - CONTROL NUMBER
- control field: 97016
003 - CONTROL NUMBER IDENTIFIER
- control field: NUST
005 - DATE AND TIME OF LATEST TRANSACTION
- control field: 20220812124830.0
008 - FIXED-LENGTH DATA ELEMENTS
- fixed length control field: 220812|| aca||aabn | a|a d
040 ## - CATALOGING SOURCE
- Original cataloging agency: NUST
- Transcribing agency: NUST
150 ## - HEADING--TOPICAL TERM
- Topical term or geographic name entry element: Real Time UML
670 ## - SOURCE DATA FOUND
- Source citation: Work cat.: (NUST)213165: Douglass, Bruce Powel 56467, Real Time UML :, 2004
